| 000 | 00735nam a22002177a 4500 | ||
|---|---|---|---|
| 003 | NALT | ||
| 005 | 20230104091931.0 | ||
| 008 | s2550 th tha d | ||
| 020 | _a9748290898 | ||
| 040 | _aNALT | ||
| 041 | _atha | ||
| 090 |
_aKC 32 _bอ757ผ 2550 |
||
| 100 | 0 |
_aอิศริยา สายสนั่น _949225 |
|
| 245 | 1 | 0 |
_aผู้หญิงช่างฟ้อง / _cอิศริยา สายสนั่น. |
| 260 |
_aกรุงเทพฯ : _bใส่ใจ, _c2550. |
||
| 300 |
_a172 หน้า : _bภาพประกอบ ; _c21 ซม. |
||
| 650 | 4 |
_aกฎหมาย _xรวมเรื่อง _99190 |
|
| 850 | _aNALT | ||
| 942 |
_cLB _2local |
||
| 998 |
_c103 _bphon _j104 _k นางสาวสายฝน ดีงาม |
||
| 999 |
_c54264 _d54264 |
||